| 000 | 00797nam a22001937a 4500 | ||
|---|---|---|---|
| 999 |
_c62839 _d62839 |
||
| 003 | Ge_BSU | ||
| 005 | 20250306171022.0 | ||
| 008 | 250306s1988 ge ||||| |||| 00| 0 geo d | ||
| 041 | _ageo | ||
| 080 | _a615-053.2 შ- 81 | ||
| 100 |
_aშოთაძე, ფ. _924477 |
||
| 245 |
_aპედიატრიული ფარმაკოთერაპია / _cფ. შოთაძე, ი. ციციშვილი. |
||
| 264 |
_aთბილისი : _bგანათლება, _c1988. |
||
| 300 |
_a214 გვ. ; _b19 სმ. |
||
| 653 | _aპედიატრიული ფარმაკოთერაპია | ||
| 653 | _aმედიცინა | ||
| 700 |
_aციციშვილი, ირაკლი _eავტორი _924478 |
||
| 942 |
_2udc _cᲬᲘᲒᲜᲘ |
||